Money and banking / (Record no. 456)
[ view plain ]
| 000 -LEADER | |
|---|---|
| fixed length control field | 00709nam a22002412 4500 |
| 001 - CONTROL NUMBER | |
| control field | 0000002945 |
| 005 - DATE AND TIME OF LATEST TRANSACTION | |
| control field | 20151021151059.0 |
| 008 - FIXED-LENGTH DATA ELEMENTS--GENERAL INFORMATION | |
| fixed length control field | 070424s xx 000 0 eng d |
| 020 ## - INTERNATIONAL STANDARD BOOK NUMBER | |
| International Standard Book Number | 0070389616 : |
| Terms of availability | KES 1,542 |
| 040 ## - CATALOGING SOURCE | |
| Original cataloging agency | KABU |
| Transcribing agency | KABU |
| 050 #0 - LIBRARY OF CONGRESS CALL NUMBER | |
| Classification number | HG221 |
| Item number | .L83 1984 |
| 100 1# - MAIN ENTRY--PERSONAL NAME | |
| Personal name | Luckett, Dudley G. |
| -- | 0000152481 |
| 245 10 - TITLE STATEMENT | |
| Title | Money and banking / |
| Statement of responsibility, etc. | Dudley G. Lucket. |
| 250 ## - EDITION STATEMENT | |
| Edition statement | 3rd ed. |
| 260 ## - PUBLICATION, DISTRIBUTION, ETC. (IMPRINT) | |
| Place of publication, distribution, etc. | Auckland : |
| Name of publisher, distributor, etc. | McGraw-Hill, |
| Date of publication, distribution, etc. | 1984. |
| 300 ## - PHYSICAL DESCRIPTION | |
| Extent | xvii, 584 p. ; |
| Dimensions | 24 cm. |
| 650 #0 - SUBJECT ADDED ENTRY--TOPICAL TERM | |
| Topical term or geographic name as entry element | Money. |
| -- | 0000152427 |
| 650 #0 - SUBJECT ADDED ENTRY--TOPICAL TERM | |
| Topical term or geographic name as entry element | Monetary policy. |
| -- | 0000152482 |
| 650 #0 - SUBJECT ADDED ENTRY--TOPICAL TERM | |
| Topical term or geographic name as entry element | Banks and Banking. |
| -- | 0000152428 |
| 908 ## - PUT COMMAND PARAMETER (RLIN) | |
| Put command parameter | 070424 |
| 950 ## - LOCAL HOLDINGS (RLIN) | |
| -- | 1 |
| Withdrawn status | Lost status | Source of classification or shelving scheme | Not for loan | Home library | Current library | Date acquired | Total Checkouts | Full call number | Barcode | Date last seen | Date last checked out | Price effective from | Koha item type |
|---|---|---|---|---|---|---|---|---|---|---|---|---|---|
| Library of Congress Classification | Kabarak, Main Campus | Kabarak, Main Campus | 17/12/2015 | 1 | HG221 .L83 1984 c.1 | 005364 | 17/10/2016 | 15/07/2016 | 17/12/2015 | General Collection | |||
| Library of Congress Classification | Kabarak, Main Campus | Kabarak, Main Campus | 17/12/2015 | 1 | HG221 .L83 1984 c.2 | 005280 | 20/02/2016 | 06/02/2016 | 17/12/2015 | General Collection | |||
| Library of Congress Classification | Kabarak, Main Campus | Kabarak, Main Campus | 17/12/2015 | 1 | HG221 .L83 1984 | 005281 | 15/03/2016 | 11/03/2016 | 17/12/2015 | General Collection | |||
| Library of Congress Classification | Kabarak, Nakuru City Campus | Kabarak, Nakuru City Campus | 21/10/2015 | 1 | HG221 .L83 1984 c. 1 | 005282 | 30/11/2019 | 28/10/2019 | 21/10/2015 | General Collection |